Science Quiz

Random Science Quiz

Invertebrate identification 1 Quiz Stats

 Plays Quiz not verified by Sporcle

Also try: Eponymous Laws
Challenge
Share
Tweet
Embed
Score 0/74 Timer 10:00
0 Plays Today
Initial Taxon Answer % Correct
PlatyhelminthesClass Turbellaria
72.1%
Platyhelminthes 4Order Rhabdocoela
72.1%
Platyhelminthes 5Order Tricladida
72.1%
Platyhelminthes 8Order Polycladida
72.1%
Platyhelminthes 2Order Acoela
72.1%
Platyhelminthes 12Class Cestoda
72.1%
Phylum 2Phylum Nemertea
72.1%
Phylum 3Phylum Nematoda
72.1%
Platyhelminthes 7Genus Bipalium
72.1%
Platyhelminthes 6Genus Dugesia
72.1%
Platyhelminthes 10Class Trematoda
69.8%
Phylum 4Phylum Rotifera
69.8%
Platyhelminthes 9Class Monogenea
67.4%
Phylum 8Phylum Annelida
67.4%
Annelida 2Class Oligochaeta
67.4%
Platyhelminthes 11Species Schistosoma mansoni
67.4%
Annelida 3Genus Lumbricus
65.1%
Annelida 4Class Polychaeta
65.1%
Annelida 5Subclass Errantia
65.1%
Annelida 10Subclass Sedentaria
65.1%
Annelida 6Family Aphroditidae
62.8%
Platyhelminthes 3Species Convolutriloba retrogemma
62.8%
Phylum 9Phylum Mollusca
62.8%
Mollusca 1Class Bivalvia
62.8%
Mollusca 2Subclass Protobranchia
60.5%
Mollusca 3Subclass lamellibranchia
60.5%
Nematoda 2Genus Ascaris
55.8%
Mollusca 5Order Arcoida
55.8%
Mollusca 6Order Ostreoida
55.8%
Mollusca 9Order Myoida
55.8%
Nematoda 3Genus Trichinella
53.5%
Phylum 6Phylum Nematomorpha
53.5%
Mollusca 4Order Mytiloida
53.5%
Mollusca 8Order Veneroida
53.5%
Nematoda 4Species Turbatrix aceti
51.2%
Phylum 5Phylum Gastrotricha
51.2%
Annelida 7Family Amphinomidae
51.2%
Initial Taxon Answer % Correct
Annelida 18Class Hirudinea
51.2%
Annelida 19Species Hirudo medicinalis
51.2%
Mollusca 7Order Pectinoida
51.2%
Mollusca 11Class Gastropoda
51.2%
Phylum 7Phylum Acanthocephala
48.8%
Annelida 8Family Nereidae
48.8%
Annelida 11Family Arenicolidae
48.8%
Annelida 13Family Terebellidae
48.8%
Mollusca 10Subclass Septibranchia
48.8%
Mollusca 12 Subclass Prosobranchia
48.8%
Mollusca 13Order Archaeogastropoda
48.8%
Mollusca 14Order Mesogastropoda
48.8%
Mollusca 15Order Neogastropoda
48.8%
Mollusca 16Subclass Ophistobranchia
48.8%
Mollusca 17Order Nudibranchia
48.8%
Annelida 9Genus Nereis
46.5%
Annelida 12Family Pectinariidae
46.5%
Annelida 14Family Chaetopteridae
46.5%
Annelida 15Family Sabellidae
46.5%
Mollusca 18Order Pteropoda
46.5%
Annelida 17Family Spirorbidae
44.2%
Mollusca 19Subclass Pulmonata
44.2%
Annelida 16Family Serpulidae
41.9%
Mollusca 20Order Basommatophora
37.2%
Mollusca 21Order Stylommatophora
37.2%
Mollusca 22Class Aplacophora
34.9%
Mollusca 23Class Monoplacophora
34.9%
Mollusca 24Class Polyplacophora
34.9%
Mollusca 26Class Cephalopoda
32.6%
Mollusca 30Order Octopoda
30.2%
Mollusca 25Class Scaphopoda
27.9%
Mollusca 27Subclass Nautiloidea
27.9%
Mollusca 28Subclass Ammonoidea
27.9%
Mollusca 32Order Teuthoida
27.9%
Mollusca 29Subclass Coleoidea
25.6%
Mollusca 31Order Sepioida
25.6%
0%

You're not logged in!

Compare scores with friends on all Sporcle quizzes.
OR
Log In

You Might Also Like...

Show Comments

Extras

Top Quizzes Today


Score Distribution

Your Account Isn't Verified!

In order to create a playlist on Sporcle, you need to verify the email address you used during registration. Go to your Sporcle Settings to finish the process.

Report this User

Report this user for behavior that violates our Community Guidelines.

Details: